| 000 | 00401 a2200157 4500 | ||
|---|---|---|---|
| 005 | 20250626074805.0 | ||
| 020 | _a0070887187 | ||
| 082 | _a658.15 FUN | ||
| 100 | _aROSS.A.S. | ||
| 245 | _aFundamentals of Corporate Finance | ||
| 250 | _a4th Ed. | ||
| 260 |
_aNew York _bMc Graw Hill, _c2002 |
||
| 300 |
_axiii,904p.:ill. _bindex _c25cm. |
||
| 700 | _aWESTERFIELD, R. & ROBERTS, S.G. | ||
| 942 |
_2ddc _cBKS |
||
| 999 |
_c5225 _d5225 |
||